[Event "IECC CL7-2005.15 email"]
[Site "IECC email"]
[Date "2005.09.22"]
[Round "?"]
[White "Stevenson, Walter"]
[Black "Rael, Phillip"]
[Result "1-0"]
[WhiteElo "1047"]
[BlackElo "1088"]
[PlyCount "37"]
[EventDate "2005.??.??"]
[EventType "tourn (corr)"]
[EventRounds "4"]
[SourceTitle "Corr 2008"]
[Source "ChessBase"]
[SourceDate "2008.06.24"]
[SourceVersion "1"]
[SourceVersionDate "2008.06.24"]
[SourceQuality "1"]

1. d4 d5 2. c4 e6 3. Nc3 Nf6 4. Bg5 dxc4 5. e3 Bb4 6. Bxc4 Nbd7 7. Nf3 h6 8. Bxf6 Qxf6 9. 0-0 0-0 10. a3 Be7 11. Qc2 b6 12. Bd3 Bb7 13. Be4 Rab8 14. Nb5 Ba6 15. Bd3 Rb7 16. Be4 Bxb5 17. Bxb7 Bxf1 18. Rxf1 Rc8 19. Bxc8 1-0

[Event "IECC O-2205"]
[Site "IECC email"]
[Date "2005.05.25"]
[Round "?"]
[White "Rael, Phillip"]
[Black "Yeargin, Tommy"]
[Result "1-0"]
[WhiteElo "1029"]
[BlackElo "1064"]
[PlyCount "77"]
[EventDate "2005.??.??"]
[EventType "swiss (corr)"]
[EventRounds "2"]
[SourceTitle "Corr 2020"]
[Source "ChessBase"]
[SourceDate "2019.09.30"]
[SourceVersion "1"]
[SourceVersionDate "2019.09.30"]
[SourceQuality "1"]
[WhiteTeam "United States"]
[BlackTeam "United States"]
[WhiteTeamCountry "USA"]
[BlackTeamCountry "USA"]

1. e4 e5 2. Nf3 Nc6 3. Bc4 Bc5 4. c3 Nf6 5. d4 exd4 6. cxd4 Bb4+ 7. Nbd2 Nxe4 8. Qe2 d5 9. 0-0 Bxd2 10. Bxd2 0-0 11. Bb5 Bd7 12. Bd3 Re8 13. Be3 f5 14. Qc2 Nb4 15. Qb3 Nxd3 16. Qxd3 Qe7 17. Rac1 c6 18. Rfe1 Qd6 19. Qa3 Qxa3 20. bxa3 Rac8 21. Ne5 Be6 22. f3 Nd6 23. Rb1 b6 24. Rec1 Nc4 25. Bf4 Nxa3 26. Rb3 c5 27. Rxa3 a5 28. dxc5 bxc5 29. Rxa5 c4 30. Be3 Red8 31. Bd4 Ra8 32. Nc6 f4 33. Nxd8 Rxd8 34. Re1 Rb8 35. Rxe6 Rb1+ 36. Kf2 Rd1 37. Rxd5 Rd2+ 38. Re2 Rxe2+ 39. Kxe2 1-0